Music Quiz

Random Music or Lyrics Quiz

Things The Lonely Island threw on the ground Quiz Stats

 Plays Quiz not verified by Sporcle

Support Sporcle.
Go Orange.
Score 0/9 Timer 10:00
0 Plays Today
GROUND!!! % Correct
Cell phone
98.7%
Cake
95.6%
Hot dog
94.9%
Energy drink
82.9%
Autograph
68.4%
This (Skittles)
58.2%
That (Vase)
55.7%
This (Fish bowl)
53.8%
This (Baked chicken)
52.5%

You're not logged in!

Compare scores with friends on all Sporcle quizzes.
OR
Log In
Forgot?

From the Vault

ACK Rhyme Trivia

by Kicking222

This is Bill the Cat's favorite quiz.
Remove Ads.
Support Sporcle.
Get the best of Sporcle when you Go Orange. This ad-free experience offers more features, more stats, and more fun while also helping to support Sporcle. Thank you for becoming a member.

Show Comments

Extras

Created Feb 4, 2016ReportNominate
Tags:Lyrics Quiz, Lonely Island

Top Quizzes Today


Score Distribution

Your Account Isn't Verified!

In order to create a playlist on Sporcle, you need to verify the email address you used during registration. Go to your Sporcle Settings to finish the process.

Report this User

Report this user for behavior that violates our Community Guidelines.

Details: